000 01211nam2a22002531 4500
001 v19\rc\1760255
005 20250619064334.0
035 _a(NLR Aleph) 004861008
090 _a5010916
_c5010916
100 _a20061204d1903 |||y0rusy50 ca
101 0 _arus
102 _aRU
105 _ay z |||||
200 1 _aЗа операционное время с 1 авг. 1901 г. по 1 янв. 1903 г.
210 _d1903
_aБ. м.
215 _a[3] с., 3, 3 с. парал. паг.
461 0 _1001v19\rc\1760254
_12001#$aОтчет и баланс Киево-Донецкого акционерного общества каменноугольных копей ...$v... на 1 января 1903 года
_95010909
_aКиево-Донецкое акционерное о-во каменноугольных копей
_cКиев
_d1903
_tОтчет и баланс Киево-Донецкого акционерного общества каменноугольных копей ...
_v... на 1 января 1903 года
801 0 _aRU
_bNLR
_gpsbo
801 0 _aRU
_bRuMoRGB
_2psbo
801 1 _aRU
_bProSoft-M
_2rusmarc
852 _aNLR
_j20.88.1.20
899 _aRuMoRGB
_jM 30/52
942 _cBOOK
980 _aNB